Proteȯ̂ Internacional dos Direitos Humanos

Detalles Bibliográficos
Autor principal: Varella, Marcelo D.
Otros Autores: Monebhurrun, Nitish, Pires Gontijo, Andř
Formato: eBook
Lenguaje:portugués
Publicado: Rio de Janeiro: Editora Processo, 2019
Materias:
Acceso en línea:Acceso restringido

MARC

LEADER 00000nam a22000007a 4500
005 20220817212521.0
007 cr|||| |||
008 220817s2019 br |||||s|||| 00||0 por d
020 |a 978-85-93741-49-4 
035 |a 36848 
040 |a vLex 
090 |c 13726  |d 13726 
100 1 |a Varella, Marcelo D. 
245 1 0 |a Proteȯ̂ Internacional dos Direitos Humanos  |h [Recurso electrn̤ico] /  |c Marcelo D. Varella, Nitish Monebhurrun, Andr ̌Pires Gontijo 
256 |a Servicio en ln̕ea 
260 |a Rio de Janeiro:  |b Editora Processo,  |c 2019 
300 |a 1 recurso electrn̤ico 
500 |a A proteȯ̂ dos Direitos Humanos tem sido um tema refm̌ de paixe̳s e de preconceitos, isto ,̌ de militńcia e de incompreensô. Nos dois casos, falta a serenidade necessr̀ia para adentrar num estudo objetivo, tčnico, mas ao mesmo tempo crt̕ico, o resultado sendo concluse̳s s̉ vezes enviesadas por uma predisposiȯ̂ ideolg̤ica. Ora, adentrar nos Direitos Humanos e escrever sobre o assunto nô significa que o estudo deva enquadrar-se numa destas duas categorias. Para ganhar em objetividade, o presente livro apresenta o ramo dos Direitos Humanos tal como ele ̌e como ele funciona, dentro do seu processo de consolidaȯ̂ e junto com os seus limites. Para tanto, o livro divide-se em duas partes. A primeira parte explica a construȯ̂ sistm̊ica dos Direitos Humanos, mostrando a sua formaȯ̂ ter̤ica entre redes e camadas no embate entre jus naturalismo e o positivismo. A premissa ter̤ica ̌logo testada na aplicaȯ̂ ao Sistema Interamericano de Direitos Humanos o que permite compreender melhor o seu dil̀ogo com o direito interno. A segunda parte do livro prope̳ uma anl̀ise da jurisprudn̊cia da Corte Interamericana de Direitos Humanos, o que permitir ̀aos leitores coadunar a teoria da matřia com a prt̀ica, tendo assim um arcabouȯ completo para compreender objetivamente esse ramo de estudo. O ponto forte do livro ̌explorar exaustiva e sistematicamente a jurisprudn̊cia da Corte Interamericana de Direitos Humanos. Com isso, busca-se oferecer aos alunos e aos profissionais do Direito um instrumento para trabalhar tecnicamente com os Direitos Humanos. 
506 1 |a Disponible solo en los productos indicados  |d vLex Global  |d vLex Global (Academic Edition, excluding Law Schools)  |d vLex Global (U.S. Academic Edition, Law Schools)  |d vLex Global (U.S. Academic Edition, excluding Law Schools)  |d vLex Global (Academic Edition, Law Schools) 
650 0 4 |a Derecho Internacional  |z Brasil 
650 0 4 |a Economa̕ Espaǫla  |z Brasil 
700 1 |a Monebhurrun, Nitish 
700 1 |a Pires Gontijo, Andř 
740 0 |a vLex Libros (Servicio en ln̕ea) 
856 4 0 |u https://app.vlex.com/#/sources/36848  |z Acceso restringido 
942 |c BOOK 
999 0 |a International Law 
999 0 |a Spanish Economy